000 00513nam a2200181 i 4500
001 58282
003 ES-MaACL
005 20230906163751.0
007 t|
008 031021s1977 sp ||||1| spa d
100 1 _aDufour, Jean-Marc.
_945900
245 1 3 _aEl Portugal del 25 de abril /
_cJean-Marc Dufour ; [tradujo: Miguel Costa].
250 _a[1ยช ed.].
260 _a[Madrid] :
_bDoncel,
_c[1977]
300 _a326 p. ;
_c18 cm.
700 1 _aCosta, Miguel.
_941070
852 _aES-MaACL
_jA-8233
_bR.97197
999 _c58282
_d58282